01441agaaa2200289 45000010005000000030009000050050017000140070009000310080040000400400023000800410013001031000049001161300015001652450166001802500022003462600104003683000033004725080125005055110090006305200167007205380016008875460013009036500054009167000061009707000063010317000057010949780IT-RoPAU20220918181245.0d cvaizq50131s9999||||xx ||| | || ||und|| aIT-RoPAUcIT-RoPAU aITALIANO aFellini FedericogCodice regista SPICS: 6747 aINTERVISTA aINTERVISTAcProdotto da: Moussa Ibrahim -- Sceneggiatura: Angelucci Gianfranco -- Diretto da: Fellini FedericopINTERVISTA (Rif. Codice opera principale : 99780) aEdizione Standard a(ITALIA)bALJOSHA PROD. - RAI / Distribuzione: RAIg"1987 (1° ed.: 1991 ; Ed. Lingua Orig.: 1987)" aVHSbsonoro, col.c75 minuti a"Fotografia: Delli Colli Tonino; Montaggio: Baragli Nino; Musica: Piovani Nicola; Sceneggiatura: Angelucci Gianfranco; " a"Rubini Sergio; Mastroianni Marcello; Fellini Federico; Mein Maurizio; Liguori Paola" aRIVISITAZIONE DEI LUOGHI FELLINIANI VISSUTA DA UN GIOVANE ASPIRANTE GIORNALISTA ALTER EGO DEL REGISTA MONDO DI CINECITTA', SUOI SOGNI E SUE ILLUSIONIFILM A COLORI aPAL, STEREO aITALIANO aCOMMEDIAeFILMS [VHS]xCodice MATERIA SPICS: 9960 aFellini Federico e(regista)gCodice regista SPICS: 6747 aFellini Federico e(soggetto)gCodice Soggetto SPICS: 6747 aPiovani Nicolae(musica)gCodice Musica SPICS: 18893